00684nam a22002057a 4500001000500000005001700005020001400022040002900036050001700065082001000082100002600092245003900118250004600157260003400203300002300237505000600260520017600266521001800442521001800460203020231101091357.0 a978133325 aFISKHbengcFISKHdFISKH aPZ7.R3476235 a813.6 aRhodes, Jewell Parker aBayou magic cJewell Parker Rhodes aFirst Scholastic printing, September 2016 aNew York :bScholastic,c2015 a239 pages :c20 cm aM aVisiting her grandmother in the Louisiana bayou, ten-year-old Maddy begins to realize that she may be the only sibling to carry on the gift of her family's magical legacy. a670 bLexile aM bRaz-Plus